00973nam a22002657a 4500003000500000005001700005008004100022010001000063011001000073035001100083040000900094100003500103245016300138260004000301300003000341502007700371530003600448650002100484650003100505650003900536650002700575650002500602856006400627856001600691CHAP20220329143402.0090211s2008 mx r 00010 spa d a95821 a96793 a107450 cCHAP1 aCastañeda Romo, Juan Miguel.10aEfecto de temperaturas bajas, durante la germinación, sobre rendimiento y calidad de fruto de pepino (Cucumis sativus L.)c/por Juan Miguel Castañeda Romo aChapingo, Méx. :bEl autor,c2008 a31 h. :bgráfs., tablas aTesis (Ing. Agr. Esp. en Fitotecnia) -- UACH. Departamento de Fitotecnia aTambién disponible en línea04aPepinoxCalidad.14aFríoxEfecto en plantas.14aPepinoxEfecto del medio ambiente.14aPepinoxGerminación.14aPepinoxRendimiento. 3Finding aiduhttp://10.13.5.2/tesis/107450.pdfzTeclea aqui a1 n0001381